| 000 | 00341nam a2200121Ia 4500 | ||
|---|---|---|---|
| 008 | 190216s9999||||xx |||||||||||||| ||und|| | ||
| 100 | _aJames Ward Brown And Churchill Ruel V | ||
| 245 | 0 | _aComplex Variables And Applications | |
| 260 |
_bMetric Edition Shaum `s Outline Series _c2003 |
||
| 300 | _a458 | ||
| 650 | _aMathematics | ||
| 942 | _cBK | ||
| 999 |
_c31820 _d31820 |
||